La etica protestante y el espiritu del constitucionalismo : (Registro nro. 49575)
[ vista simple ]
| 000 -LEADER | |
|---|---|
| fixed length control field | 01323nam a2200289 4500 |
| 001 - CONTROL NUMBER | |
| control field | 0000021243 |
| 003 - CONTROL NUMBER IDENTIFIER | |
| control field | CO-CtgCURN |
| 005 - DATE AND TIME OF LATEST TRANSACTION | |
| control field | 20250825223112.0 |
| 008 - FIXED-LENGTH DATA ELEMENTS--GENERAL INFORMATION | |
| fixed length control field | 160627s2003 000 0 eng d |
| 020 ## - INTERNATIONAL STANDARD BOOK NUMBER | |
| International Standard Book Number | 9586167089 |
| 040 ## - CATALOGING SOURCE | |
| Original cataloging agency | CO-CtgCURN |
| Language of cataloging | spa |
| Transcribing agency | coctgcurn |
| 082 0# - DEWEY DECIMAL CLASSIFICATION NUMBER | |
| Classification number | 340.11 |
| Item number | R39e |
| 100 1# - MAIN ENTRY--PERSONAL NAME | |
| Personal name | Rey Martínez, Fernando. |
| 245 13 - TITLE STATEMENT | |
| Title | La etica protestante y el espiritu del constitucionalismo : |
| Remainder of title | la impronta calvinista del constitucionalismo norteamercano / |
| Statement of responsibility, etc. | Fernando Rey Martínez. |
| 260 ## - PUBLICATION, DISTRIBUTION, ETC. | |
| Place of publication, distribution, etc. | Bogotá : |
| Name of publisher, distributor, etc. | Universidad Externado de Colombia, |
| Date of publication, distribution, etc. | 2003. |
| 300 ## - PHYSICAL DESCRIPTION | |
| Extent | 127 p. |
| 336 ## - CONTENT TYPE | |
| Source | rdacontent |
| 337 ## - MEDIA TYPE | |
| Source | rdamedia |
| Media type term | sin mediacion |
| Media type code | n |
| 338 ## - CARRIER TYPE | |
| Source | rdacarrier |
| Carrier type term | volumen |
| Carrier type code | nc |
| 490 1# - SERIES STATEMENT | |
| Series statement | Teoria juridica y filosofia del derecho ; |
| Volume/sequential designation | 26 |
| 504 ## - BIBLIOGRAPHY, ETC. NOTE | |
| Bibliography, etc. note | Bibliografia (p. 117-121) |
| 505 8# - FORMATTED CONTENTS NOTE | |
| Formatted contents note | De verdad ha sido tan importante la huella calvinista en el constitucionalismo y mas especificamente en la originalidad del norteamericano?.--Calvinismo y constitucionalismo.--La teología federal del Calvino.--Presbiterianos y congregacionalistas.--La impronta calvinista del constitucionalismo norteamericano |
| 650 #0 - SUBJECT ADDED ENTRY--TOPICAL TERM | |
| Topical term or geographic name entry element | Derecho constitucional |
| Geographic subdivision | Estados unidos. |
| 908 ## - PUT COMMAND PARAMETER (RLIN) | |
| Put command parameter | 160627 |
| 942 ## - ADDED ENTRY ELEMENTS (KOHA) | |
| Koha item type | Libros |
| Classification part | 340.11 |
| Item part | R39e |
| Source of classification or shelving scheme | Dewey Decimal Classification |
| 999 ## - SYSTEM CONTROL NUMBERS (KOHA) | |
| -- | 1 |
| Withdrawn status | Lost status | Source of classification or shelving scheme | Damaged status | Not for loan | Home library | Current library | Shelving location | Date acquired | Total checkouts | Full call number | Barcode | Date last seen | Price effective from | Koha item type |
|---|---|---|---|---|---|---|---|---|---|---|---|---|---|---|
| Dewey Decimal Classification | Miguel Henríquez Castañeda | Miguel Henríquez Castañeda | General | 03/04/2019 | 340.11 R39e | 003498 | 03/04/2019 | 03/04/2019 | Libros |